[Event "Vitrolles Majeur op 0405"]
[Site "Vitrolles"]
[Date "2004.12.11"]
[Round "4"]
[White "Habib, George"]
[Black "Crapon, Laurent"]
[Result "0-1"]
[WhiteElo "1810"]
[BlackElo "1760"]
[PlyCount "120"]
[EventDate "2004.10.16"]
[EventType "swiss"]
[EventRounds "9"]
[EventCountry "FRA"]
[SourceTitle "EXT 2008"]
[Source "ChessBase"]
[SourceDate "2007.11.25"]
[SourceVersion "1"]
[SourceVersionDate "2007.11.25"]
[SourceQuality "1"]

1. e4 e5 2. Nf3 Nc6 3. Bb5 a6 4. Ba4 Nf6 5. 0-0 b5 6. Bb3 Bc5 7. d3 h6 8. c3 d6 9. h3 0-0 10. Re1 Bb7 11. Nbd2 b4 12. Nf1 bxc3 13. bxc3 Ne7 14. Be3 Bxe3 15. Nxe3 c5 16. c4 Nc6 17. Qd2 Nd4 18. Nxd4 exd4 19. Nf5 Re8 20. Qf4 Re5 21. Bd1 Bc8 22. Bf3 Bxf5 23. exf5 Rxe1+ 24. Rxe1 Rb8 25. Qd2 Rb4 26. Bd1 Rb7 27. Bf3 Rb4 28. Bd1 Qb8 29. Bb3 a5 30. Qd1 Kf8 31. g4 Qb7 32. h4 Ng8 33. Qe2 Qd7 34. Qe4 Rb8 35. g5 hxg5 36. hxg5 Re8 37. Qxe8+ Qxe8 38. Rxe8+ Kxe8 39. Bd1 Ke7 40. Bf3 Kf8 41. Kf1 f6 42. g6 Ke8 43. Kg2 Kd7 44. Kg3 Ne7 45. Kf4 Nc8 46. Ke4 Nb6 47. Bd1 a4 48. a3 d5+ 49. cxd5 Kd6 50. f4 Nxd5 51. Kf3 Nc3 52. Bc2 Kd5 53. Kf2 c4 54. Ke1 Nb5 55. dxc4+ Kxc4 56. Bxa4 Nxa3 57. Kd2 Nb1+ 58. Kc1 Nc3 59. Bd7 Kd3 60. Bc8 Ne2+ 0-1

[Event "Provence-ch prom Meyreuil 9900"]
[Site "France"]
[Date "2000.??.??"]
[Round "5"]
[White "Crapon, Laurent"]
[Black "Sage, Jean Claude"]
[Result "1-0"]
[WhiteElo "1610"]
[BlackElo "1590"]
[PlyCount "68"]
[EventDate "1999.??.??"]
[EventType "tourn"]
[EventRounds "9"]
[EventCountry "FRA"]
[SourceTitle "EXT 2005"]
[Source "ChessBase"]
[SourceDate "2004.11.15"]
[SourceVersion "1"]
[SourceVersionDate "2004.11.15"]
[SourceQuality "1"]

1. d4 Nf6 2. Nf3 d5 3. c4 c6 4. e3 e6 5. Be2 dxc4 6. Bxc4 b5 7. Be2 a6 8. 0-0 Nbd7 9. b3 Bb7 10. Qd2 Qc7 11. Ba3 Bxa3 12. Nxa3 Qd6 13. Qb2 Nd5 14. Rac1 0-0 15. Rfd1 Qe7 16. Nc2 c5 17. Nce1 cxd4 18. Nxd4 Rac8 19. Bf3 Ne5 20. Bxd5 exd5 21. Rd2 Nc6 22. Nef3 Nxd4 23. Nxd4 Rxc1+ 24. Qxc1 Rc8 25. Rc2 Rxc2 26. Qxc2 Qd7 27. Qc5 g6 28. a3 f5 29. b4 Kf7 30. Kf1 Kf6 31. Qb6+ Kf7 32. Qc5 Kf6 33. Qf8+ Ke5 34. Qc5 Qc8 1-0

[Event "Majeur-chT 0001"]
[Site "France"]
[Date "2000.??.??"]
[Round "3"]
[White "Crapon, Laurent"]
[Black "Vivian, J."]
[Result "1-0"]
[WhiteElo "1710"]
[BlackElo "1760"]
[PlyCount "69"]
[EventDate "2000.??.??"]
[EventType "team"]
[EventRounds "9"]
[EventCountry "FRA"]
[SourceTitle "EXT 2005"]
[Source "ChessBase"]
[SourceDate "2004.11.15"]
[SourceVersion "1"]
[SourceVersionDate "2004.11.15"]
[SourceQuality "1"]

1. d4 Nf6 2. c4 e5 3. d5 Bc5 4. e3 d6 5. Nc3 a6 6. a4 0-0 7. Be2 Bf5 8. Nf3 Qe7 9. 0-0 Nbd7 10. b3 Bg6 11. Bb2 e4 12. Nh4 Ne5 13. Nxg6 Nxg6 14. Qd2 Nd7 15. Bd1 f5 16. Ne2 f4 17. Bd4 f3 18. gxf3 exf3 19. Ng3 Qh4 20. Kh1 Qh3 21. Rg1 Bxd4 22. Qxd4 Nde5 23. Nf1 h5 24. Bc2 Ng4 25. Rg3 Qg2+ 26. Rxg2 fxg2+ 27. Kxg2 Rxf2+ 28. Kg3 Raf8 29. Bxg6 R8f3+ 30. Kh4 Nh6 31. Qe4 Nf5+ 32. Bxf5 Rxf5 33. Qe8+ Kh7 34. Qe4 Kh6 35. Qxf5 1-0

[Event "Provence-ch prom Meyreuil 9900"]
[Site "France"]
[Date "2000.??.??"]
[Round "8"]
[White "Gozzo, Jean Claude"]
[Black "Crapon, Laurent"]
[Result "0-1"]
[WhiteElo "1640"]
[BlackElo "1610"]
[PlyCount "72"]
[EventDate "1999.??.??"]
[EventType "tourn"]
[EventRounds "9"]
[EventCountry "FRA"]
[SourceTitle "EXT 2005"]
[Source "ChessBase"]
[SourceDate "2004.11.15"]
[SourceVersion "1"]
[SourceVersionDate "2004.11.15"]
[SourceQuality "1"]

1. d4 d5 2. Nf3 Nf6 3. Bf4 e6 4. e3 c5 5. Be2 Nc6 6. Nc3 cxd4 7. exd4 Be7 8. Nb5 Qa5+ 9. c3 Bd8 10. b4 Qb6 11. Bd6 Ne4 12. Bc5 Nxc3 13. Qd3 Qxb5 14. Qxc3 Qa4 15. b5 Ba5 16. Qxa5 Qxa5+ 17. Nd2 Ne7 18. a3 Bd7 19. b6 axb6 20. Bb4 Qa4 21. Rc1 Rc8 22. Rxc8+ Nxc8 23. 0-0 Bb5 24. Bd1 Qa6 25. Re1 Kd7 26. Nf3 f6 27. g4 Ne7 28. h4 Nc6 29. Bd2 Re8 30. g5 e5 31. dxe5 fxe5 32. g6 h6 33. h5 Qxa3 34. Nh4 Qh3 35. Ng2 d4 36. Re4 Qd3 0-1

[Event "Majeur-chT 0001"]
[Site "France"]
[Date "2000.??.??"]
[Round "4"]
[White "Ripert, Gregory"]
[Black "Crapon, Laurent"]
[Result "1/2-1/2"]
[WhiteElo "1970"]
[BlackElo "1710"]
[PlyCount "104"]
[EventDate "2000.??.??"]
[EventType "team"]
[EventRounds "9"]
[EventCountry "FRA"]
[SourceTitle "EXT 2005"]
[Source "ChessBase"]
[SourceDate "2004.11.15"]
[SourceVersion "1"]
[SourceVersionDate "2004.11.15"]
[SourceQuality "1"]

1. e4 e5 2. Nf3 Nc6 3. d4 exd4 4. Bc4 Bc5 5. 0-0 d6 6. Bg5 Nge7 7. b4 Bb6 8. a4 a5 9. bxa5 Rxa5 10. Bb5 Bd7 11. Na3 Ra8 12. Nc4 Bc5 13. Re1 f6 14. Bf4 0-0 15. c3 dxc3 16. Qb3 Kh8 17. Rab1 Ng6 18. Be3 Bxe3 19. Rxe3 b6 20. Qxc3 Re8 21. Nxb6 cxb6 22. Bxc6 Bxc6 23. Qxc6 Ne5 24. Nxe5 dxe5 25. Reb3 Qc8 26. Qxb6 Rxa4 27. Qd6 Ra8 28. g3 Qd8 29. Qc6 Rc8 30. Qb5 Qc7 31. Qa6 h6 32. Rd1 Qc4 33. Qxc4 Rxc4 34. f3 Rc2 35. Rbd3 Kh7 36. R1d2 Rec8 37. h4 h5 38. f4 Rxd2 39. Rxd2 exf4 40. gxf4 Re8 41. Rd4 Kg8 42. Kf2 Kf7 43. Kf3 g6 44. Rd7+ Re7 45. Rd6 Re6 46. Rd5 Ke7 47. e5 fxe5 48. Rxe5 Kf6 49. Rc5 Re1 50. Rc6+ Re6 51. Rc8 Kf7 52. Rc7+ Kf6 1/2-1/2